000
00301nam a22001337a 4500
008
170315b xxu||||| |||| 00| 0 eng d
020
_a
9781259251818
041
_a
eng
080
_2
14TH
_a
591
100
_a
7
101
_a
SHM
245
_a
HOLE'S HUMAN AANTOMY & PHYSIOLOGY
_c
SHIER
942
_2
udc
_c
BK
999
_c
7859
_d
7859